Vista normal
Vista MARC
Entrada Geographic Name
Número de registros utilizados en: 2
001 - NÚMERO DE CONTROL
- campo de control: 6458
003 - IDENTIFICADOR DEL NÚMERO DE CONTROL
- campo de control: AR-BaFLA
005 - FECHA Y HORA DE LA ÚLTIMA TRANSACCIÓN
- campo de control: 20141029220916.0
008 - DATOS DE LONGITUD FIJA
- campo de control de longitud fija: 141029|| aca||aabn | a|a d
040 ## - FUENTE DE LA CATALOGACIÓN
- Centro catalogador/agencia de origen: AR-BaFLA
- Centro/agencia transcriptor: AR-BaFLA
151 ## - ENCABEZAMIENTO--NOMBRE GEOGRÁFICO
- Nombre geográfico: MEXICO
- Subdivisión general: JALISCO
- Subdivisión general: ZACATECAS
670 ## - FUENTE DE DATOS ENCONTRADOS
- Cita de la fuente: Work cat.: (AR-BaFLA)30627: Universidad de Guadalajara Centro Universitario del Norte 3247, Cartografías del movimiento : , 2012